| 000 | 01326cam a2200301 a 4500 | ||
|---|---|---|---|
| 999 |
_c233068 _d233068 |
||
| 001 | 12751538 | ||
| 003 | Nust | ||
| 005 | 20170228113646.0 | ||
| 008 | 020423s2002 nyu bf 001 0 eng d | ||
| 010 | _a 2002281302 | ||
| 020 | _a0071360794 | ||
| 035 | _a(OCoLC)ocm48648166 | ||
| 040 |
_aFBO _cFBO _dOHI _dDLC |
||
| 042 | _alccopycat | ||
| 050 | 0 | 0 |
_aHF5549.5.E5 _bH625 2002 |
| 082 | 0 | 0 |
_a658.3/1125 _221 |
| 100 | 1 |
_aHoffman, Edward, _d1951- |
|
| 245 | 1 | 0 |
_aPsychological testing at work : _bhow to use, interpret, and get the most out of the newest tests in personality, learning styles, aptitudes, interests, and more! / _cEdward Hoffman. |
| 260 |
_aNew York : _bMcGraw-Hill, _c2002. |
||
| 300 |
_axiii, 209 p. ; _c23 cm. |
||
| 504 | _aIncludes bibliographical references (p. 177-197) and index. | ||
| 650 | 0 |
_aEmployment tests _vHandbooks, manuals, etc. |
|
| 650 | 0 | _aPsychological tests. | |
| 650 | 0 | _aOccupational aptitude tests. | |
| 856 | 4 | 2 |
_3Contributor biographical information _uhttp://www.loc.gov/catdir/bios/mh041/2002281302.html |
| 856 | 4 | 2 |
_3Publisher description _uhttp://www.loc.gov/catdir/description/mh024/2002281302.html |
| 906 |
_a7 _bcbc _ccopycat _d2 _encip _f20 _gy-gencatlg |
||
| 942 |
_2ddc _cBK |
||